Plant Parts We Eat Quiz Stats

Quiz Updated Jan 31, 2017

Also try: Volcano Facts
Challenge
Share
Tweet
Embed
Score 0/24 Timer 03:00
15 Plays Today
% Correct
LEAVES
92.2%
FRUIT
91.3%
FRUIT
91.1%
LEAVES
90%
FRUIT
87%
ROOT
86%
FRUIT
86%
ROOT
85.9%
LEAVES
85.4%
ROOT
84%
LEAVES
80.8%
SEED
80.8%
% Correct
SEED
80.2%
STEM
79.9%
FRUIT
79.2%
STEM
78.1%
LEAVES
77.7%
ROOT
73%
STEM
70%
FLOWER
64.2%
SEED
61.6%
STEM
60%
ROOT
59.1%
LEAVES
39.3%

You're not logged in!

Compare scores with friends on all Sporcle quizzes.
Join for Free
OR
Log In

You Might Also Like...

Show Comments

Extras

Top Quizzes Today


Score Distribution

Your Account Isn't Verified!

In order to create a playlist on Sporcle, you need to verify the email address you used during registration. Go to your Sporcle Settings to finish the process.

Report this User

Report this user for behavior that violates our Community Guidelines.

Details: